000 00249nam a2200097Ia 4500
001 640153
005 20250826153442.0
008 250824s9999 xx 000 0 und d
245 0 _aYürek Dede ile Padişah
_cCahit Zarifoğlu
260 _bBEYAN YAYINLARI
999 _c640153
_d640153